DSA: Siegel der Magierakademien - Statistiken

Allgemein
  • Dieses Quiz wurde 11 mal gespielt
  • Das Durchschnittsergebnis liegt bei 14 aus 16
Antwortstatistiken
Bildquiz Antwort % Korrekt
Akademie der Geistigen Kraft zu Fasar
100%
Akademie der Hohen Magie zu Punin
100%
Akademie des Magischen Wissens zu Methumis
100%
Akademie Schwert und Stab zu Gareth
100%
Drachenei-Akademie zu Khunchom
100%
Dunkle Halle der Geister zu Brabak
100%
Halle der Erleuchtung zu Al'Anfa
100%
Halle der Metamorphosen zu Kuslik
100%
Halle des Lebens zu Norburg
100%
Halle des Quecksilbers zu Festum
100%
Halle des Vollendeten Kampfes zu Bethana
100%
Kampfseminar Andergast
100%
Runajasko zu Olport
100%
Schule der Austreibung zu Perricum
100%
Schule der Beherrschung zu Neersand
100%
Schule der Hellsicht zu Thorwal
100%
Schule der Vierfachen Verwandlung zu Sinoda
100%
Schule des direkten Weges zu Gerasim
100%
Schule des Seienden Scheins zu Zorgan
100%
Seminar der elfischen Verständigung zu Donnerbach
100%
Akademie der Erscheinungen zu Grangor
50%
Bannakademie Fasar
50%
Akademie der Geistreisen zu Belhanka
0%
Akademie der Herrschaft zu Elenvina
0%
Akademie der Magischen Rüstung zu Gareth
0%
Akademie der Verformungen zu Lowangen
0%
Akademie von Licht und Dunkelheit zu Nostria
0%
Anatomische Akademie zu Vinsalt
0%
Halle der Antimagie zu Kuslik
0%
Halle der Macht zu Lowangen
0%
Informations-Institut zu Rommilys
0%
Konzil der Elemente zu Drakonia
0%
Pentagramm-Akademie zu Rashdul
0%
Schule der variablen Form zu Mirham
0%
Stoerrebrandt-Kolleg zu Riva
0%
Zauberschule des Kalifen zu Mherwed
0%
Keine übereinstimmenden Quizze gefunden
Verteilung der Resultate
Anzahl Personen mit jedem Resultat
Perzentil nach korrekt beantworteten Fragen
Ihre Resultats-Entwicklung
Sie haben dieses Quiz noch nicht gespielt